[Event "Betim_Xadrez"]
[Site "http://www.queenalice.com/game.php?id=846710"]
[Date "2010.10.16"]
[Round "1"]
[White "Sonia"]
[Black "Poirot"]
[Result "1/2-1/2"]
[WhiteElo "1594"]
[BlackElo "1908"]

1. e4 e5 2. Nf3 Nc6 3. Bc4 Bc5 4. O-O Nf6 5. d3 d5 6. exd5 Nxd5 7. Nc3 Nxc3 8.
bxc3 Bg4 9. Bb2 Qd7 10. h3 Bh5 11. d4 exd4 12. Qe1+ Be7 13. Nxd4 Nxd4 14. cxd4
O-O-O 15. a4 Bg6 16. Bd3 Bxd3 17. cxd3 Rhe8 18. Qa5 a6 19. Qh5 Bf6 20. Qg4 Qxg4
21. hxg4 Bxd4 22. Bxd4 Rxd4 23. Rfd1 Rxg4 24. f3 Rg6 25. Rd2 c6 26. a5 Re3 27.
Kf2 Ree6 28. Rg1 Re5 29. f4 Rxa5 30. Re1 Kd7 31. Kf3 b5 32. g3 b4 33. Rb2 Rb5
34. Rb3 a5 35. Ra1 Rd6 36. Ke3 c5 37. Rh1 a4 38. Rbb1 h6 39. Rbd1 b3 40. Ra1 Ra6
41. Rh5 Kc6 42. Re5 f6 43. Re6+ Kb7 44. Re7+ Kc6 45. Re6+ Kb7 46. Re7+ Kb6 47.
Re6+ Kb7 1/2-1/2

[Event "AUTO-ADV-1956"]
[Site "http://www.queenalice.com/game.php?id=853099"]
[Date "2010.11.1"]
[Round "1"]
[White "Mikalus"]
[Black "Poirot"]
[Result "0-1"]
[WhiteElo "1793"]
[BlackElo "1899"]

1. e4 e5 2. Bc4 Be7 3. Nf3 Nc6 4. d4 exd4 5. Nxd4 Nf6 6. Nxc6 bxc6 7. Nc3 d6 8.
h3 O-O 9. Qe2 Bb7 10. Be3 d5 11. exd5 cxd5 12. Bb3 Re8 13. O-O-O Bc5 14. Qb5
Bxe3+ 15. fxe3 Rb8 16. Qc5 d4 17. Rxd4 Qc8 18. Re1 Bxg2 19. Rh4 Bxh3 20. Rh1 Bg2
21. R1h2 Bb7 22. Bc4 Qd7 23. Bd3 Re7 24. Bxh7+ Kf8 25. Bf5 Qd6 26. Rh8+ Ng8 27.
Qxa7 c6 28. e4 g6 29. Bh3 Qxh2 0-1

[Event "AUTO-ADV-1956"]
[Site "http://www.queenalice.com/game.php?id=853100"]
[Date "2010.11.1"]
[Round "1"]
[White "Poirot"]
[Black "Mikalus"]
[Result "0-1"]
[WhiteElo "1911"]
[BlackElo "1781"]

1. e4 c5 2. Nf3 Nc6 3. c3 e6 4. d4 cxd4 5. cxd4 Nf6 6. Nc3 Bb4 7. Bd2 Bxc3 8.
Bxc3 Nxe4 9. d5 Nxc3 10. bxc3 Ne7 11. dxe6 O-O 12. exf7+ Rxf7 13. Bc4 d5 14. Bb3
Rf5 15. O-O Qa5 16. c4 Bd7 17. cxd5 Kh8 18. Re1 Ng6 19. Bc2 Rxd5 20. Qe2 Bb5 21.
Qe6 Bc6 22. Bb3 Rdd8 23. Ng5 Qxg5 24. f3 Re8 25. Qc4 Rxe1+ 26. Rxe1 h6 27. Rf1
Ne5 28. Qc3 Rd8 29. Qc2 Rd2 0-1

[Event "AUTO-OPEN-2151"]
[Site "http://www.queenalice.com/game.php?id=853189"]
[Date "2010.11.1"]
[Round "1"]
[White "LAIRE"]
[Black "Poirot"]
[Result "1-0"]
[WhiteElo "2101"]
[BlackElo "1905"]

1. d4 Nf6 2. c4 g6 3. Nc3 Bg7 4. e4 d6 5. Be2 Bd7 6. Bg5 O-O 7. Qd2 Nc6 8. d5
Nb8 9. h4 c6 10. h5 gxh5 11. Bxh5 Nxh5 12. Rxh5 Qe8 13. Rh2 Be5 14. f4 Bg7 15.
Qf2 Na6 16. Qh4 f6 17. Bh6 Qf7 18. Nf3 cxd5 19. cxd5 Nb4 20. Kd2 Bxh6 21. Qxh6
f5 22. e5 dxe5 23. fxe5 Qg7 24. Rah1 Qxh6+ 25. Rxh6 f4 26. Rxh7 Rae8 27. e6 Bc8
28. Ne4 Nxd5 29. Rh8+ Kg7 30. R1h7+ Kg6 31. Nh4# 1-0

[Event "AUTO-OPEN-2151"]
[Site "http://www.queenalice.com/game.php?id=853190"]
[Date "2010.11.1"]
[Round "1"]
[White "Poirot"]
[Black "LAIRE"]
[Result "0-1"]
[WhiteElo "1909"]
[BlackElo "2088"]

1. e4 e6 2. d4 d5 3. exd5 exd5 4. Nc3 Nf6 5. Nf3 Bd6 6. Bg5 c6 7. Be2 O-O 8. O-O
Re8 9. Re1 h6 10. Bd2 Bf5 11. a3 Qc7 12. h3 Nbd7 13. Rb1 Ne4 14. Kf1 Re7 15.
Nxe4 Bxe4 16. c4 Bxb1 17. Qxb1 Rae8 18. cxd5 cxd5 19. Qd3 Nf6 20. Rc1 Qd7 21.
Re1 Ne4 22. Bc1 Qf5 23. b4 h5 24. g4 hxg4 25. hxg4 Qxg4 26. Rd1 Qh3+ 27. Kg1 Re6
28. Nh2 Qxh2+ 0-1

[Event "AUTO-OPEN-2151"]
[Site "http://www.queenalice.com/game.php?id=853229"]
[Date "2010.11.1"]
[Round "1"]
[White "Poirot"]
[Black "forth_generation"]
[Result "0-1"]
[WhiteElo "1890"]
[BlackElo "2370"]

1. e4 c5 2. Nf3 d6 3. c3 Nf6 4. Qe2 Nc6 5. Qe3 Ng4 6. Qe2 e5 7. h3 Nf6 8. d4
cxd4 9. cxd4 exd4 10. Bg5 Be7 11. Bxf6 Bxf6 12. Qd3 O-O 13. Be2 Qa5+ 14. Nfd2
Nb4 15. Qb3 d3 16. Bxd3 Bxb2 0-1

[Event "AUTO-OPEN-2151"]
[Site "http://www.queenalice.com/game.php?id=853230"]
[Date "2010.11.1"]
[Round "1"]
[White "forth_generation"]
[Black "Poirot"]
[Result "1-0"]
[WhiteElo "2369"]
[BlackElo "1892"]

1. e4 e5 2. Nf3 Nc6 3. d4 exd4 4. Nxd4 Nxd4 5. Qxd4 d6 6. Nc3 Nf6 7. Bf4 Be7 8.
Be2 O-O 9. O-O c5 10. Qe3 Re8 11. Rfd1 b6 12. e5 Nd7 13. Qf3 f6 14. exd6 Bxd6
15. Rxd6 Rb8 16. Rdd1 Bb7 17. Qh3 Bc8 18. Bxb8 1-0

[Event "CARO KANN  E4 C6"]
[Site "http://www.queenalice.com/game.php?id=853972"]
[Date "2010.11.3"]
[Round "5"]
[White "Poirot"]
[Black "rxk"]
[Result "1-0"]
[WhiteElo "1888"]
[BlackElo "2007"]

1. e4 c6 2. d4 e5 3. dxe5 Qa5+ 4. Nc3 Qxe5 5. Nf3 Qc7 6. Bc4 Bc5 7. O-O Nf6 8.
Re1 O-O 9. e5 Ne8 10. Qd3 b5 11. Ng5 g6 12. Qh3 h5 13. g4 d6 14. Qh4 Bxg4 15.
exd6 Bxd6 16. Rxe8 Rxe8 17. Bxf7+ Kf8 18. Bxe8 Kxe8 19. Nce4 Be7 20. b3 Nd7 21.
Bb2 Qd8 22. Re1 Bf5 23. Nd6+ Kf8 24. Nh7+ Kg8 25. Qxe7 Qxe7 26. Rxe7 1-0

[Event "Don_Vito-2"]
[Site "http://www.queenalice.com/game.php?id=861701"]
[Date "2010.11.21"]
[Round "2"]
[White "Poirot"]
[Black "El_Montes"]
[Result "0-1"]
[WhiteElo "1878"]
[BlackElo "1640"]

1. e4 e5 2. Nf3 Nc6 3. Bb5 Nge7 4. Nc3 a6 5. Ba4 b5 6. Bb3 Bb7 7. O-O Nd4 8.
Nxe5 d5 9. Bxd5 Nxd5 10. Nxd5 Bxd5 11. exd5 Qxd5 12. c3 Qxe5 13. Re1 Qxe1+ 14.
Qxe1+ Be7 15. cxd4 O-O 16. b3 Bf6 17. Bb2 c5 18. Qe3 Rfe8 19. Qd3 Rad8 20. Qc2
cxd4 21. Qc6 Re2 22. Qxa6 Rde8 0-1